008720000a220008500045001000028000002450053000283000039000815200608001207730058007281 aFreitas Faria, Jacir de10aDenuncia, solución y esperanza en los profetas aNum. 35-36 (2000), Páginas 25-35 aEl presente artículo analiza de forma comparada el camino hecho por los profetas bíblicos. Cada profeta, a su modo y hasta con divergencias fundamentales, denuncia, sueña y presenta soluciones diferenciadas para los varios problemas que la realidad les ofrece. En la eterna búsqueda por ser fieles al Dios que los libertó de Egipto, muchos encontraron en los profetas la palabra, la instrucción que reconduce al camino (Torá). Varios son los profetas, varios los proyectos. Y cada proyecto es el resultado del análisis crítico de la realidad y señal de esperanza, de un tiempo nuevo.0 tRevista de Interpretación Bíblica Latinoamericana